000 00534nam a22001937a 4500
003 BD-ChCU
005 20260511101320.0
008 260511b nyu||||| |||| 00| 0 eng d
020 _a9789401785655
040 _cBD-ChCU
082 _223
_a577.7 G588b
100 _aGoulletquer, Philippe.
_922729
245 _aBiodiversity in the marine environment /
_cPhilippe Goulletquer.
260 _aNew York :
_bSpringer,
_c2014
300 _a198 P . :
504 _aIncludes.
650 0 _aMarine ecology.
_922731
942 _2ddc
_cBK
_n0
999 _c112849
_d112849